000 00523nam a22001457a 4500
005 20240312120244.0
008 240312b |||||||| |||| 00| 0 eng d
082 _a891.4
_bZAB-P
100 _aZaibullah Siddique Balghan
245 _aPakistani Siyasaat mein mazhabi jammatoun ka kirdaar (1947- till yet) :
_brole of religious parties in Pakistani politics /
_cby Zaibullah Siddique Balghan
260 _aPakistan :
_bNigaar shaat Publishers ;
300 _a356 p. :
_c22 cm.
650 _aLiterature / Politics
999 _c35328
_d35328